Les livres à avoir lu (romans, pièces, nouvelles) - Statistiques

Statistiques générales
  • Ce quiz a été pris 3 159 fois
    2 888 depuis la dernière actualisation
  • Le résultat moyen est 30 sur 90
Statistiques - réponses
Auteur Titre % Correct
Victor Hugo Les Misérables
88%
Antoine de Saint Exupéry Le Petit Prince
87%
Albert Camus La Peste
85%
William Shakespeare Roméo et Juliette
84%
Homère L'Odyssée
83%
George Orwell 1984
78%
Vladimir Nabokov Lolita
74%
Gustave Flaubert Madame Bovary
73%
Alexandre Dumas Le Comte de Monte-Cristo
72%
Charles Baudelaire Les fleurs du mal
72%
Voltaire Zadig
68%
Marcel Pagnol La gloire de mon père
63%
Léon Tolstoï Anna Karénine
61%
John Steinbeck Des souris et des hommes
60%
Miguel de Cervantes L'ingénieux hidalgo Don Quichotte de la Manche
60%
Pierre Corneille Le Cid
59%
Jean Anouilh Antigone
58%
Franz Kafka Le Procès
55%
Emily Brontë Les Hauts de Hurle-Vent
50%
Honoré de Balzac La peau de chagrin
49%
Oscar Wilde Le Portrait de Dorian Gray
48%
Choderlos de Laclos Les liaisons dangereuses
47%
Ernest Hemingway Le Vieil Homme et la Mer
47%
Jean Racine Phèdre
47%
Louis-Ferdinand Céline Voyage au bout de la nuit
47%
Ovide Les Métamorphoses
46%
Agatha Christie Dix petits nègres
43%
Charles Dickens De Grandes Espérances
42%
Umberto Eco Le Nom de la rose
42%
Primo Levi Si c'est un homme
42%
Fiodor Dostoïevski L'idiot
40%
Marguerite Duras L'Amant
39%
Dante Alighieri L'Enfer (La Divine Comédie)
39%
Patrick Süskind Le Parfum, histoire d'un meurtrier
39%
Romain Gary La promesse de l'aube
38%
Jean-Paul Sartre Huis Clos
37%
Paulo Coelho L'Alchimiste
37%
Alphonse Daudet Lettres de mon moulin
37%
Françoise Sagan Bonjour Tristesse
36%
Francis Scott Key Fitzgerald Tendre est la nuit
36%
André Malraux La condition humaine
35%
Stefan Zweig Le joueur d'échecs
35%
Michel de Montaigne Essais
34%
Gabriel Garcia Marquez Cent ans de solitude
31%
Johann Wolfgang von Goethe Faust
31%
René Barjavel La Nuit des temps
31%
Harper Lee Ne tirez pas sur l'oiseau moqueur
31%
L'abbe Prévost Manon Lescaut
30%
Milan Kundera L'insoutenable légèreté de l'être
29%
Jerome David Salinger L'attrape-coeurs
28%
Friedrich Nietzsche Ainsi parlait Zarathoustra
27%
André Gide Les Faux-Monnayeurs
25%
Jean de La Bruyère Les Caractères ou les Moeurs de ce siècle
24%
Stephen King Misery
23%
Margaret Mitchell Autant en emporte le vent
22%
Albert Cohen Belle du Seigneur
20%
Jacques Prévert Paroles
20%
Denis Diderot Jacques le fataliste et son maître
19%
Bernard Werber Les Thanatonautes
18%
Eric-Emmanuel Schmitt Le Visiteur
18%
Erich Maria Remarque A l'Ouest, rien de nouveau
16%
André Breton Nadja
16%
Tennessee Williams Un tramway nommé Désir
15%
Daphne du Maurier Rebecca
14%
Anna Gavalda Ensemble, c'est tout
13%
Boris Pasternak Le docteur Jivago
12%
Vercors (Jean Bruller) Le Silence de la mer
12%
Robert Louis Stevenson L'Étrange Cas du docteur Jekyll et de M. Hyde
12%
Mikhaïl Boulgakov Le Maître et Marguerite
11%
Georges Bernanos Sous le soleil de Satan
11%
Emmanuel Carrère L'Adversaire
10%
Jean Cocteau La Machine infernale
10%
Kathrine Kressmann Taylor Inconnu à cette adresse
9%
William Faulkner Le Bruit et la Fureur
9%
Carlos Ruiz Zafon L'Ombre du vent
9%
Dai Sijie Balzac et la Petite Tailleuse chinoise
8%
Robert Merle La mort est mon métier
8%
John Irving L'oeuvre de Dieu, la part du diable
8%
Daniel Keyes Des fleurs pour Algernon
6%
Bernard Schlink Le Liseur
6%
Christian Jacq Ramsès
6%
Bruce Lowery La cicatrice
5%
William Styron Le choix de Sophie
4%
Jose Mauro de Vasconcelos Mon bel oranger
4%
Richard Bach Jonathan Livingston le goéland
3%
Tahar Ben Jelloun L'enfant de sable
3%
Arthur Miller Mort d'un commis voyageur
3%
Kenizé Mourad De la part de la princesse morte
2%
Shan Sa La joueuse de Go
2%
Howard Buten Quand j'avais cinq ans, je m'ai tué
2%
Aucun quiz correspondant
Distribution des résultats
% des personnes avec chaque résultat
Percentile par nombre de réponses
Votre historique - résultats
Vous n’avez pas pris ce quiz depuis la dernière actualisation